Фелиси, или Мои проказы (Запись № 9919015)

Подробности
000 -МАРКЕР
контрольное поле 01963nam0a2200361 i 4500
001 - ИДЕНТИФИКАТОР ЗАПИСИ
контрольное поле RU\NLR\BIBL_A\010744855
005 - ИДЕНТИФИКАТОР ВЕРСИИ
контрольное поле 20240726102347.0
010 ## - МЕЖДУНАРОДНЫЙ СТАНДАРТНЫЙ НОМЕР КНИГИ (ISBN)
Номер (ISBN) 9785422409624
021 ## - НОМЕР ГОСУДАРСТВЕННОЙ РЕГИСТРАЦИИ
Код страны Российская Федерация
Номер 2015-20101
Номер Листа государственной регистраци 1201
035 ## - ДРУГИЕ СИСТЕМНЫЕ НОМЕРА
Идентификатор записи (NILC)RuMoRGB-007895422
035 ## - ДРУГИЕ СИСТЕМНЫЕ НОМЕРА
Идентификатор записи (NLR Aleph) 010744855
100 ## - ДАННЫЕ ОБЩЕЙ ОБРАБОТКИ
Данные общей обработки 20150506d2015 um y0rusy50 ca
101 1# - ЯЗЫК РЕСУРСА
Язык текста, звукозаписи и т.д. русский
Язык оригинала французский
102 ## - СТРАНА ПУБЛИКАЦИИ ИЛИ ПРОИЗВОДСТВА
Страна публикации Российская Федерация
105 ## - ПОЛЕ КОДИРОВАННЫХ ДАННЫХ: ТЕКСТОВЫЕ МАТЕРИАЛЫ, МОНОГРАФИЧЕСКИЕ
Кодированные данные о монографическом текстовом документе y|||z|||000ay
200 1# - ЗАГЛАВИЕ И СВЕДЕНИЯ ОБ ОТВЕТСТВЕННОСТИ
Основное заглавие Фелиси, или Мои проказы
Сведения, относящиеся к заглавию [романы
Первые сведения об ответственности пер. с фр. А. Веркина]
210 ## - ПУБЛИКАЦИЯ, РАСПРОСТРАНЕНИЕ И ДР.
Место издания, распространения и т.д. Москва
Имя издателя, распространителя и т. д. Терра
-- Книжный Клуб Книговек
Дата издания, распространения и т.д. 2015
215 ## - ФИЗИЧЕСКАЯ ХАРАКТЕРИСТИКА
Специфическое обозначение материала и объем 508, [2] с.
Размеры 17
225 1# - СЕРИЯ
Основное заглавие серии Манон
327 1# - ПРИМЕЧАНИЯ О СОДЕРЖАНИИ
Текст примечания Содерж.: Фелиси, или Мои проказы / Андре Робер Андреа де Нерсиа. Марго-штопальщица / Луи Шарль Фужере де Монброн
333 ## - ПРИМЕЧАНИЯ ОБ ОСОБЕННОСТЯХ РАСПРОСТРАНЕНИЯ И ИСПОЛЬЗОВАНИЯ
Текст примечания Внимание. Только для взрослых
464 #0 - АНАЛИТИЧЕСКИЙ УРОВЕНЬ
Встроенное поле 2001#$aФелиси, или Мои проказы$fАндре Робер Андреа де Нерсиа
-- 700#1$aНерсиа$bА.-Р. А. де$f1739-1800$gАндре-Робер Андреа де$3RU\NLR\AUTH\770264727
Заглавие Фелиси, или Мои проказы
Автор Нерсиа, Андре-Робер Андреа де (1739-1800)
464 #0 - АНАЛИТИЧЕСКИЙ УРОВЕНЬ
Встроенное поле 2001#$aМарго-штопальщица$fЛуи Шарль Фужере де Монброн
-- 700#1$aФужере де Монброн$bЛ.-Ш.$gЛуи-Шарль$f1706-1760$3RU\NLR\AUTH\7710208
Заглавие Марго-штопальщица
Автор Фужере де Монброн, Луи-Шарль (1706-1760)
517 1# - ДРУГИЕ ВАРИАНТЫ ЗАГЛАВИЯ
Вариант заглавия Мои проказы
686 1# - ИНДЕКСЫ ДРУГИХ КЛАССИФИКАЦИЙ
Индекс Ш6(4Фр)457-440.4(АдН){Лх1645-50(АдН)}
686 1# - ИНДЕКСЫ ДРУГИХ КЛАССИФИКАЦИЙ
Индекс Ш6(4Фр)457-440.4(ФдМ){Лх1645-50(ФдМ)}
801 #0 - ИСТОЧНИК ЗАПИСИ
Страна Российская Федерация
Организация РГБ
Дата составления 20150324
Правила каталогизации RCR
942 ## - ДОПОЛНИТЕЛЬНЫЕ ЭЛЕМЕНТЫ ЗАПИСИ (АБИС)
Тип экземпляра АБИС Книга
980 ## - КОЛЛЕКЦИЯ
Название коллекции НБР

Нет доступных экземпляров.